| 000 | 00388nam a22001577a 4500 | ||
|---|---|---|---|
| 003 | LK-CoDNM | ||
| 005 | 20240919105651.0 | ||
| 008 | 240814b |||||||| |||| 00| 0 eng d | ||
| 040 |
_aLK-CoDNM _dLK-CoDNM _eLK-CoDNM |
||
| 041 | _aeng | ||
| 080 | _bGP1972 | ||
| 245 | _aThe acts of ceylon -1972 | ||
| 260 |
_aColombo _bgoverment printer _c1972 |
||
| 300 | _b213p. : 24 cm | ||
| 942 | _cBK | ||
| 999 |
_c147731 _d147731 |
||